Introduction To The Study of Indian History (Record no. 5184)

MARC details
000 -LEADER
fixed length control field 00518cam a2200181ua 4500
008 - FIXED-LENGTH DATA ELEMENTS--GENERAL INFORMATION
fixed length control field 131031n ii |||gr||||Z||||||eng
020 ## - INTERNATIONAL STANDARD BOOK NUMBER
International Standard Book Number 81-7154-038-4
040 ## - CATALOGING SOURCE
Transcribing agency MAIN
082 ## - DEWEY DECIMAL CLASSIFICATION NUMBER
Classification number 954
245 11 - TITLE STATEMENT
Title Introduction To The Study of Indian History
Statement of responsibility, etc. By Damodar Dharmanand Kosambi
260 ## - PUBLICATION, DISTRIBUTION, ETC.
Place of publication, distribution, etc. Bombay:
Name of publisher, distributor, etc. Popular Prakashan,
Date of publication, distribution, etc. 2004.
300 ## - PHYSICAL DESCRIPTION
Extent Ixiii,407p.
700 1# - ADDED ENTRY--PERSONAL NAME
Personal name Kosambi,Damodar Dharmanand,
Relator term
942 ## - ADDED ENTRY ELEMENTS (KOHA)
Koha item type Books
653 ## - INDEX TERM--UNCONTROLLED
Uncontrolled term History
653 ## - INDEX TERM--UNCONTROLLED
Uncontrolled term Introduction To The Study of Indian History
Holdings
Withdrawn status Lost status Damaged status Not for loan Home library Current library Shelving location Date acquired Total Checkouts Full call number Barcode Date last seen Copy number Price effective from Koha item type
        Central Library, Naharkatiya College Central Library, Naharkatiya College General Stacks 19/09/2020   954 | KOS 954 19/09/2020 1 19/09/2020 Books

Naharkatiya College © 2020. All rights reserved.

Powered By